The anatomy of job loss : the how, why, and where of employment decline

Αποθηκεύτηκε σε:
Λεπτομέρειες βιβλιογραφικής εγγραφής
Κύριος συγγραφέας: Massey, Doreen B.
Άλλοι συγγραφείς: Meegan, Richard A.
Μορφή: Βιβλίο
Γλώσσα:English
Δημοσίευση: London : New York : Methuen, 1982
Σειρά:University paperbacks ; ; 773
Θέματα:
Ετικέτες: Προσθήκη ετικέτας
Δεν υπάρχουν, Καταχωρήστε ετικέτα πρώτοι!

MARC

LEADER 00000cam a2200000 i 4500
001 1/31729
008 950707s1982 eng d
020 |a 0-416-32350-2 (hbk.) 
020 |a 0-416-32360-X (pbk.) 
035 |l 10023630 
040 |a GR-MY-UA  |b gre  |e aacr 
041 0 |a eng 
082 0 |a 331.1372 
100 1 |a Massey, Doreen B. 
245 1 4 |a The anatomy of job loss :  |b the how, why, and where of employment decline /  |c Doreen Massey and Richard Meegan 
260 |a London :   |a New York :   |b Methuen,   |c 1982 
300 |a viii, 258 p.;  |b ill.;  |c 23 cm 
490 1 |a University paperbacks  |v ; 773 
504 |a Includes bibliography and indexes 
650 0 0 |a Unemployment. 
650 0 0 |a Employment (Economic theory) 
650 0 0 |a Unemployment  |z United States. 
650 0 0 |a Unemployment  |z Great Britain. 
700 1 |a Meegan, Richard A. 
830 0 |a University paperbacks ;  |v ; 773 
852 |a INST  |b CHIOS  |e 19950707  |h 331.1372 MAS  |p 005200005742  |q 005200005742  |t BK  |y 0 
852 |a INST  |b LESVOS  |e 19960717  |h 331.1372 MAS  |p 005100004373  |q 005100004373  |t BK  |y 0 
909 |a Χ  |b 001718 
909 |a Λ  |b 005164